000 00645nam a22002177a 4500
003 UA-OsUOA
001 96785
007 ta
008 20130321b un ||||| |||| 00| 0 ukr d
090 _a821.161.1
_bЛ52
942 _cBK
040 _aUA-OsUOA
_brus
_cUA-OsUOA
_dUA-OsUOA
245 _aЛетняя крепость
_bсборник повестей и рассказов
_cсост. А. Скалон
300 _a296 с.
955 _a3
041 _arus
080 _a821.161.1
260 _aМ.
_bМолодая гвардия
_c1987
650 7 _a82 Література. Літературознавство
_2UDC
999 _c383034
_d383034